| 000 | 00399pab a2200157 454500 | ||
|---|---|---|---|
| 008 | 180718b2014 xxu||||| |||| 00| 0 eng d | ||
| 100 | _aWaylen, Georgina | ||
| 245 | _aInformal institutions, institutional change, and gender equality | ||
| 260 | _c2014 | ||
| 300 | _ap.212-223. | ||
| 362 | _aMar | ||
| 650 | _aWomen | ||
| 773 | _aPolitical Research Quarterly | ||
| 908 | _aN | ||
| 909 | _a104001 | ||
| 999 |
_c103997 _d103997 |
||